Bước chân vào Metaverse : Để khai thác nền kinh tế tỷ đô-la

Cuốn sách Bước chân vào Metaverse: Để khai thác nền kinh tế tỷ đôla giới thiệu tổng quan về Metaverse và cách các cá nhân, doanh nghiệp có thể tận dụng công nghệ như thực tế ảo, AI và blockchain để tham gia vào nền kinh tế kỹ thuật số mới...

Ful tanımlama

Kaydedildi:
Detaylı Bibliyografya
Yazar: Rijmenam, Mark van
Müşterek Yazar: Lexisprouts ĐH RMIT VN
Diğer Yazarlar: Đinh Tùng Anh (Dịch)
Materyal Türü: Kitap
Dil:Vietnamese
Baskı/Yayın Bilgisi: Tp. Hồ Chí Minh Trẻ 2023
Edisyon:In lần thứ 1
Seri Bilgileri:Chuyển đổi số
Konular:
Etiketler: Etiketle
Etiket eklenmemiş, İlk siz ekleyin!
Thư viện lưu trữ: Thư viện Trường Đại học Nam Cần Thơ
LEADER 02017nam a22002777a 4500
001 NCT_4_019548
008 250513b xxu||||| |||| 00| 0 vie d
999 |c 8951  |d 8951 
020 |a 9786041238404  |c 160000 
082 0 4 |2 23rd ed.  |a 005.740684  |b R481 
100 1 |a Rijmenam, Mark van 
245 1 0 |a Bước chân vào Metaverse :   |b Để khai thác nền kinh tế tỷ đô-la   |c Mark van Rijmenam ; Đinh Tùng Anh, nhóm Lexisprouts (ĐH RMIT VN) (Dịch) 
250 |a In lần thứ 1  
260 |a Tp. Hồ Chí Minh  |b Trẻ  |c 2023 
300 |a xxxviii, 273 tr.   |b Minh họa   |c 23 cm 
490 0 |a Chuyển đổi số  
500 |a Tên sách tiếng Anh: Step into the Metaverse: how the immersive internet will unlock a trillion-dollar social economy  
520 3 |a Cuốn sách Bước chân vào Metaverse: Để khai thác nền kinh tế tỷ đôla giới thiệu tổng quan về Metaverse và cách các cá nhân, doanh nghiệp có thể tận dụng công nghệ như thực tế ảo, AI và blockchain để tham gia vào nền kinh tế kỹ thuật số mới. Sách phân tích cơ hội, thách thức và chiến lược để khai thác hiệu quả thị trường ảo đầy tiềm năng này. 
653 |a Quản trị kinh doanh 
700 1 |a Đinh Tùng Anh  |e Dịch 
710 2 |a Lexisprouts  |b ĐH RMIT VN  
942 |2 ddc  |c BK 
952 |0 0  |1 0  |2 ddc  |4 0  |6 005_740684000000000_R481  |7 0  |9 30694  |a 000001  |b 000001  |d 2025-05-13  |o 005.740684 R481  |p MD.23758  |r 2025-05-13  |v 160000.00  |w 2025-05-13  |y BK 
952 |0 0  |1 0  |2 ddc  |4 0  |6 005_740684000000000_R481  |7 0  |9 30695  |a 000001  |b 000001  |d 2025-05-13  |o 005.740684 R481  |p MD.23759  |r 2025-05-13  |v 160000.00  |w 2025-05-13  |y BK 
952 |0 0  |1 0  |2 ddc  |4 0  |6 005_740684000000000_R481  |7 0  |9 30696  |a 000001  |b 000001  |d 2025-05-13  |o 005.740684 R481  |p MD.23760  |r 2025-05-13  |v 160000.00  |w 2025-05-13  |y BK 
980 |a Thư viện Trường Đại học Nam Cần Thơ